Normalizované termíny z oblasti VTEI, bibliografie, knihovnictví a příbuzných oborů

Uložené v:
Podrobná bibliografia
Hlavný autor: Pech, Karel
Médium: Kniha
Jazyk:Czech
Vydavateľské údaje: Praha Ústředí vědeckých, technických a ekonomických informací 1986
Vydanie:1. vyd.
Tagy: Pridať tag
Žiadne tagy, Buďte prvý, kto otaguje tento záznam!

MARC

LEADER 00000nam a2200000 4500
001 c040149
005 20251111101527.8
041 0 |a cze 
044 |a CZ 
245 1 0 |a Normalizované termíny z oblasti VTEI, bibliografie, knihovnictví a příbuzných oborů  |c Karel Pech 
250 |a 1. vyd. 
264 1 |a Praha  |b Ústředí vědeckých, technických a ekonomických informací  |c 1986 
300 |a 179 s. 
100 1 |a Pech, Karel